02474cam a22005654i 4500003000900000005001700009008004100026020001500067020001800082035002700100040004300127082001900170100003600189245010500225264004100330300005500371336002100426337002500447338002300472504002800495505101500523526001001538526001001548526001001558526001001568526001001578526000901588526000901597526000901606526000901615526000901624526000901633526000901642526000901651526000901660526000901669526000801678526000801686526000801694526000801702526000801710526000801718541001701726541001801743650002701761650003501788650002101823700003401844700003001878PE-LiUPU20250731170448.0150706s2009 mx a r 000 0 spa d a9708300543 a9789708300544 a(Sirsi) i9789708300544 aPE-LiUPUbspacPE-LiUPUdPE-LiUPUerda04a155.4bK772211 aKostelnik, Marjorie J.,eautor.13aEl desarrollo social de los niños /cMarjorie J. Kostelnik, Alice Phipps Whiren, Anne K. Soderman. 1aMéxico :bCengage Learning,c2009. a502 páginas :bilustraciones ;c25 centímetros atext2rdacontent aunmediated2rdamedia avolume2rdacarrier aIncluye bibliografía.0 aCómo influir en la vida de los niños -- Las relaciones sociales en la infancia -- Cómo establecer relaciones positivas mediante la comunicación no verbal -- Cómo fomentar la adquisición del sentido del yo en los niños mediante la comunicación verbal -- Cómo apoyar el desarrollo emocional de los niños -- Cómo apoyar al niño en situaciones de estrés -- Cómo mejorar el juego -- Cómo apoyar las relaciones y la amistad con los compañeros -- Cómo influir en el desarrollo social del niño estructurando el ambiente físico -- Cómo fomentar la autodisciplina en los niños: comunicación de las expectativas y las reglas -- Cómo fomentar la autodisciplina en los niños: ofrecer soluciones y explicar las consecuencias -- Control de la conducta agresiva en los niños -- Cómo fomentar la conducta prosocial -- Cómo apoyar el desarrollo del niño: sexualidad, etnicidad y necesidades excepcionales -- Cómo tomar decisiones éticas y realizar juicios éticos. aSEG68 aSEG70 aSEG69 aSEG67 aSEG43 aP144 aP143 aP131 aP122 aP120 aP117 aP112 aP110 aP106 aP101 aP80 aP59 aP54 aP35 aP33 aP30 g015-0011610; g0021-0002811;04aDesarrollo del niño.04aNiñosxHabilidades sociales.04aSocialización.1 aPhipps Whiren, Alice,eautor.1 aSoderman, Anne K,eautor.